On This Day: April 8th II Quiz Stats

 Plays Quiz Updated Apr 8, 2018

Support Sporcle.
Go Orange.
Score 0/7 Timer 03:00
0 Plays Today
Question Answer Wrong Answers
This famous ancient Greek statue, well-known for its missing arms, is discovered on a Greek island in the Aegean Sea.
1820
Venus de Milo
85.6%
Discobolus
1.9%
David
10.8%
Diana of Gabii
1.7%
This former First Lady of the United States, who founded a substance abuse clinic and was known for her political activism and candid opinions, is born.
1918
Betty Ford
81.4%
Rosalynn Carter
3.9%
Pat Nixon
3.6%
Lady Bird Johnson
7.2%
France and this nation sign the Entente Cordiale, marking the end of nearly a thousand years of intermittent conflict between the two states and their predecessors.
1904
United Kingdom
60%
Germany
11.1%
Spain
17.6%
Belgium
9.8%
This man manages his first game with the Cleveland Indians, becoming baseball’s first African American manager.
1975
Frank Robinson
54%
Hank Aaron
13.4%
Willie Mays
16.7%
Eddie Murray
9.7%
Citing the need to maintain a supply of steel for munitions for the war in Korea, this US President calls for the seizure of all domestic steel mills to prevent a nationwide strike.
1952
Harry S. Truman
45.2%
Franklin D. Roosevelt
5.7%
Dwight D. Eisenhower
41.6%
John F. Kennedy
2.2%
This Amendment to the United States Constitution, which requires the direct election of Senators, becomes law.
1913
17th
41.7%
14th
24.4%
20th
17.6%
23rd
13.7%
A team of experts, led by this pioneering computer scientist and US Navy rear admiral, meet to discuss the creation of what would become COBOL, an early programming language still in use today.
1959
Grace Hopper
35.1%
Sally Ride
6.5%
Ada Lovelace
31.9%
Rosalind Franklin
20.5%

You're not logged in!

Compare scores with friends on all Sporcle quizzes.
OR
Log In

From the Vault

Tropical Fruits

by NYYanks

Who's ready for a tropical fruit salad?
Remove Ads.
Support Sporcle.
Get the best of Sporcle when you Go Orange. This ad-free experience offers more features, more stats, and more fun while also helping to support Sporcle. Thank you for becoming a member.

Show Comments

Extras

Top Quizzes Today


Score Distribution

Your Account Isn't Verified!

In order to create a playlist on Sporcle, you need to verify the email address you used during registration. Go to your Sporcle Settings to finish the process.

Report this User

Report this user for behavior that violates our Community Guidelines.

Details: